000 00975nam a2200265Ia 4500
003 OSt
005 20221005112116.0
006 a|||||r|||| 00| 0
007 ta
008 221004b |||||||| |||| 00| 0 pan d
020 _a9789387711488 (hbk)
_cINR 180.00
024 _a68609
037 _b1168, 30/12/2019, H.K. Prakashan
_cTextual
040 _aCRL
_cCRL
_bpan
041 _2pan
_apan
082 _aO153,3NBAx, Q9
100 _aਬਨਭੌਰੀ, ਬੀਰ ਇੰਦਰ, ਂਚ.
_9158561
245 0 _aਦੋ ਪਲ ਦੀ Fਹਿਗ਼ਾਦੀ
260 _aਅੰਮਿ਼ਤਸਰ
_bਕੇ. ਜੀ. ਗ੍ਰਾਫਿਕਸ ਭਾਰਤ
_c2019
300 _a104ਪ੍ਰ0
_ccm.
650 _a ਪੰਜਾਬੀ ਕਹਾਣੀ
650 _aਪੰਜਾਬੀ ਸਾਹਿਤ
942 _hO153,3NBAx, Q9
_cTEXL
_2cc
999 _c1023849
_d1023849